000 01141cam a2200325 a 4500
999 _c20302
_d20302
001 16699423
003 BDDh-ASL
005 20231015025853.0
008 110317s19582011ilu b 001 0 eng
010 _a 2011011929
020 _a9780226702858 (pbk. : alk. paper)
020 _a0226702855 (pbk. : alk. paper)
040 _aICU/DLC
_cDLC
_dBDDh-ASL
042 _apcc
050 0 0 _aB745.P66
_bR34 2011
082 0 0 _a297.2115
_222
_bRAP
100 1 _aRahman, Fazlur,
_d1919-1988.
245 1 0 _aProphecy in Islam :
_bphilosophy and orthodoxy /
_cFazlur Rahman ; with a new foreword by Michael Sells.
260 _aChicago ;
_aLondon :
_bUniversity of Chicago Press,
_c1958.
300 _axviii, [9]-118 p. ;
_c23 cm.
504 _aIncludes bibliographical references and index.
650 0 _aIslamic philosophy.
650 0 _aProphecy
_xIslam.
650 0 _aRevelation
_xIslam.
650 0 _aIntellect
_xPhilosophy.
700 1 _aSells, Michael Anthony.
906 _a7
_bcbc
_corignew
_d1
_encip
_f20
_gy-gencatlg
942 _2ddc
_cBK